[Event "Titled Tuesday intern op 06th Feb Late"]
[Site "Chess.com INT"]
[Date "2024.02.06"]
[Round "4"]
[White "Mkrtchyan, Mikayel"]
[Black "Brodsky, David"]
[Result "0-1"]
[WhiteElo "2071"]
[BlackElo "2506"]
[PlyCount "132"]
[EventDate "2024.02.06"]
[EventType "swiss (blitz)"]
[EventRounds "11"]
[EventCountry "USA"]
[SourceTitle "CB07_2024"]
[SourceDate "2024.02.14"]
[SourceVersion "1"]
[SourceVersionDate "2024.02.14"]
[SourceQuality "1"]

1. e4 e5 2. Nf3 Nc6 3. Bc4 Nf6 4. d3 Be7 5. 0-0 0-0 6. a3 d6 7. Nc3 Bg4 8. h3 Bh5 9. Be3 Qc8 10. Kh2 Kh8 11. Nd5 Nxd5 12. Bxd5 Nd8 13. g4 Bg6 14. Nd2 c6 15. Bb3 Ne6 16. Bxe6 fxe6 17. f4 exf4 18. Bxf4 e5 19. Be3 Qe6 20. Qe2 d5 21. Rxf8+ Rxf8 22. Rf1 Rxf1 23. Qxf1 Kg8 24. Qf3 d4 25. Bf2 b5 26. h4 Qa2 27. h5 Bf7 28. Qf5 Qxb2 29. Qxe5 Bf8 30. Qxd4 Qxc2 31. Nf3 c5 32. Qe3 c4 33. dxc4 bxc4 34. e5 Bd5 35. e6 Qe4 36. Qxe4 Bxe4 37. Nd2 Bd5 38. Bxa7 c3 39. Nf1 c2 40. Be3 Bxa3 41. e7 Kf7 42. Ng3 Kxe7 43. Nf5+ Kf7 44. Kg3 Be6 45. Nd4 c1Q 46. Bxc1 Bxc1 47. Nc6 Bb2 48. Nb4 Be5+ 49. Kf3 Bd6 50. Nc2 Bd5+ 51. Ke3 Kf6 52. Ne1 Kg5 53. Nc2 Kxg4 54. Kd4 Bf7 55. Ne3+ Kg5 56. Ke4 Bxh5 57. Nc4 Be7 58. Ne5 Bf6 59. Nc6 Bg6+ 60. Kf3 h5 61. Nb4 Bf5 62. Nd5 h4 63. Nf4 h3 64. Ne2 Be5 65. Nc1 h2 66. Kg2 Be4+ 0-1

[Event "Titled Tuesday intern op 06th Feb Late"]
[Site "Chess.com INT"]
[Date "2024.02.06"]
[Round "2"]
[White "Nouali, Mohamed"]
[Black "Brodsky, David"]
[Result "1-0"]
[WhiteElo "2137"]
[BlackElo "2506"]
[PlyCount "46"]
[EventDate "2024.02.06"]
[EventType "swiss (blitz)"]
[EventRounds "11"]
[EventCountry "USA"]
[SourceTitle "CB07_2024"]
[SourceDate "2024.02.14"]
[SourceVersion "1"]
[SourceVersionDate "2024.02.14"]
[SourceQuality "1"]

1. e4 e5 2. Bc4 Nf6 3. Nc3 Nxe4 4. Qh5 Nd6 5. Bb3 Be7 6. Nf3 Nc6 7. Nxe5 Nxe5 8. Qxe5 0-0 9. 0-0 Bf6 10. Qf4 b6 11. d4 Bb7 12. Nd5 Bxd5 13. Bxd5 Rc8 14. c3 Re8 15. Be3 Qe7 16. Rfe1 c6 17. Bb3 Qf8 18. Re2 Re4 19. Qf3 Rce8 20. Rae1 b5 21. Bc2 R4e7 22. d5 Nc4 23. Qf5 Re4 1-0